000 02816nam a22004815i 4500
999 _c5663
_d5663
001 978-3-642-45349-6
003 ALUPE UNIVERSITY
005 20220513132441.0
006 m o d
007 cr nn 008mamaa
008 140428s2014 gw | s |||| 0|eng d
020 _a9178709210
024 7 _a10.1007/978-3-642-45349-6
_2doi
040 _cALUPE UNIVERSITY
050 4 _aRD701
_b.G66 1993
072 7 _aMNS
_2bicssc
072 7 _aMN
_2bicssc
072 7 _aMED065000
_2bisacsh
082 0 4 _a617.47
_223
090 _aRD701eb
100 _aLars Good
245 1 0 _aAnterior Cruciate Ligament Reconstruction :
_bA Practical Surgical Guide /
_cedited by Rainer Siebold, David Dejour, Stefano Zaffagnini.
264 1 _aBerlin, Heidelberg :
_bSpringer Berlin Heidelberg :
_bImprint: Springer,
_c2014.
300 _a1 online resource (XII, 505 pages)
336 _atext
_btxt
_2rdacontent.
337 _acomputer
_bc
_2rdamedia.
338 _aonline resource
_bcr
_2rdacarrier.
347 _atext file
_bPDF
_2rda.
505 0 _aPartial ACL tear -- Complete ACL tear – General considerations -- Anatomical Single bundle ACL reconstruction -- Double bundle ACL reconstruction -- Indications for Single- or double bundle ACL reconstruction -- Extra-articular Plasty -- ACL reconstruction with open physis -- One-Stage-Revision ACL -- Two-Stage-Revision ACL -- ACL + OSTEOTOMY -- Intraoperative complications -- Postoperative complications -- Rehabilitation & Return to Sports -- Prevention of ACL tear & rerupture.
506 _aAccess restricted to University of Saskatchewan students, faculty, and staff.
520 _aThis practical and instructional guidebook, written by international experts in anterior cruciate ligament (ACL) reconstruction, covers all challenging aspects of ACL rupture in the acute and chronic setting. It covers the latest, spectacular anatomical findings, treatment of partial ACL tears, various techniques for single- and double-bundle ACL reconstruction, and complex ACL revision surgery. Important surgical steps are clearly described with the help of instructive, high-quality photographs. Important tips, tricks, and pitfalls are highlighted and intra- and postoperative complications, rehabilitation, and prevention of re-rupture are discussed. All authors are prominent and experienced ACL surgeons.
650 0 _aMedicine.
650 0 _aOrthopedics.
700 1 _aZaffagnini, Stefano.
_eeditor.
710 2 _aSpringerLink (Online service)
710 2 _aSpringer, vendor.
_5UOH.
773 0 _tSpringer eBooks.
776 0 8 _iPrinted edition:
_z9783642453489.
856 4 0 _uhttp://library.usask.ca/scripts/remote?URL=http://dx.doi.org/10.1007/978-3-642-45349-6
_zthe online version
907 _a.b36236020
942 _2lcc
_cBK
_nJO